| 000 | 00486nam a2200181 4500 | ||
|---|---|---|---|
| 001 | 45004 | ||
| 090 | _a45004 | ||
| 100 | _a20251022 pory50 | ||
| 101 |
_apor _aing |
||
| 102 | _aPT | ||
| 200 |
_aUma segunda juventude _frealiz. Francis Ford Coppola _gact.s Tim Roth , Alexandra Maria Lara , Bruno Ganz , André M. Hennicke |
||
| 210 |
_a[S.l.] _cLNK _d2009 |
||
| 215 | _a1 DVD | ||
| 300 | _a120 m. M/12 | ||
| 675 | _a82-31 | ||
| 675 | _a82-312.4 | ||
| 801 |
_aPT _gRPC |
||
| 990 | _cFILMES DVD | ||